000 00498nam a2200181Ia 4500
005 20250326124449.0
008 250326s9999 xx 000 0 und d
037 _aTextbook
040 _aFMSL
_beng
_cFMSL
041 _aeng
_2eng
084 _aX:8 K6;4
_qFMSL
100 _aHaimann T
245 0 _aProfessional management: theory and practice
_cHaimann T
260 _aNew Delhi
_bNew Delhi, Eurasia
_c1966
300 _a556p
942 _cTB
_hX:8 K6;4
999 _c1273803
_d1273803